[Event "GER-chT U16"]
[Site "Magdeburg"]
[Date "2014.12.27"]
[Round "2.2"]
[White "Storch, Domenic"]
[Black "Dittmann, Tobias"]
[Result "0-1"]
[WhiteElo "1596"]
[BlackElo "1757"]
[PlyCount "76"]
[EventDate "2014.12.27"]
[EventType "team-swiss"]
[EventRounds "7"]
[EventCountry "GER"]
[SourceTitle "EXT 2016"]
[Source "ChessBase"]
[SourceDate "2015.10.08"]
[SourceVersion "1"]
[SourceVersionDate "2015.10.08"]
[SourceQuality "1"]
[WhiteTeam "Leipzig Turm"]
[BlackTeam "Stade"]
[WhiteTeamCountry "GER"]
[BlackTeamCountry "GER"]

1. d4 d5 2. c4 e6 3. Nc3 Nf6 4. cxd5 exd5 5. Nf3 c6 6. Qc2 Be7 7. Bg5 Nbd7 8. e3 Nh5 9. h4 h6 10. Bxe7 Qxe7 11. Bd3 Nf4 12. 0-0-0 Nxd3+ 13. Qxd3 Nf6 14. Ne5 Ng4 15. Nxg4 Bxg4 16. f3 Be6 17. e4 0-0-0 18. Rde1 Qf6 19. e5 Qe7 20. Nd1 Kb8 21. f4 g6 22. Ne3 Qd7 23. Rhg1 h5 24. f5 gxf5 25. Ref1 Rc8 26. Nxf5 c5 27. Nd6 Rc6 28. Kb1 cxd4 29. Qxd4 Rg8 30. Rf4 Rc7 31. Qd1 Rh8 32. Rgf1 Rh7 33. Qd3 Rg7 34. Qf3 Qc6 35. Qf2 d4 36. b3 Qa6 37. a3 Qd3+ 38. Ka1 Qxb3 0-1

[Event "Sachsen-ch U12"]
[Site "Sebnitz"]
[Date "2009.04.15"]
[Round "2"]
[White "Storch, Domenic"]
[Black "Waschischeck, Tom"]
[Result "1/2-1/2"]
[WhiteElo "1121"]
[BlackElo "1308"]
[PlyCount "55"]
[EventDate "2009.04.14"]
[EventType "swiss"]
[EventRounds "7"]
[EventCountry "GER"]
[SourceTitle "EXT 2010"]
[Source "ChessBase"]
[SourceDate "2010.11.25"]
[SourceVersion "1"]
[SourceVersionDate "2010.11.25"]
[SourceQuality "1"]

1. d4 d5 2. c4 e6 3. Nc3 Nf6 4. Bg5 Bb4 5. e3 c6 6. a3 Bxc3+ 7. bxc3 Nbd7 8. Nf3 Qa5 9. Qb3 Ne4 10. Qb4 Qxb4 11. cxb4 Nxg5 12. Nxg5 e5 13. cxd5 cxd5 14. Bb5 0-0 15. 0-0 a6 16. Bxd7 Bxd7 17. dxe5 Rac8 18. Rac1 h6 19. Nf3 Rfe8 20. h3 b6 21. Rfd1 Be6 22. Nd4 Rxc1 23. Rxc1 Rc8 24. Rxc8+ Bxc8 25. f4 Kf8 26. Kf2 Ke7 27. g4 g6 28. f5 1/2-1/2

[Event "Hessen-ch Gr-D 62nd"]
[Site "Hanau"]
[Date "2008.03.22"]
[Round "3"]
[White "Sohl, Thies"]
[Black "Storch, Domenic"]
[Result "1-0"]
[WhiteElo "1620"]
[BlackElo "1508"]
[PlyCount "41"]
[EventDate "2008.03.21"]
[EventType "swiss"]
[EventRounds "5"]
[EventCountry "GER"]
[SourceTitle "CBM 123 Extra"]
[Source "ChessBase"]
[SourceDate "2008.05.06"]
[SourceVersion "1"]
[SourceVersionDate "2008.05.06"]
[SourceQuality "1"]

1. e4 d5 2. exd5 Nf6 3. d4 Bg4 4. Be2 Bxe2 5. Nxe2 Qxd5 6. 0-0 e6 7. Re1 Nc6 8. Nbc3 Qf5 9. Ng3 Qg6 10. Nce2 h5 11. Nf4 Qh7 12. c3 0-0-0 13. Nh3 e5 14. Qb3 exd4 15. Ng5 Qg8 16. Nxf7 Na5 17. Qe6+ Nd7 18. Nxd8 Bd6 19. Nf7 Nc6 20. Nxh8 Qxh8 21. Qe8+ 1-0

[Event "Hessen-ch Gr-D 62nd"]
[Site "Hanau"]
[Date "2008.03.21"]
[Round "1"]
[White "Storch, Domenic"]
[Black "Didicher, Dietmar"]
[Result "0-1"]
[WhiteElo "1508"]
[BlackElo "1612"]
[PlyCount "80"]
[EventDate "2008.03.21"]
[EventType "swiss"]
[EventRounds "5"]
[EventCountry "GER"]
[SourceTitle "CBM 123 Extra"]
[Source "ChessBase"]
[SourceDate "2008.05.06"]
[SourceVersion "1"]
[SourceVersionDate "2008.05.06"]
[SourceQuality "1"]

1. d4 Nf6 2. Nf3 e6 3. e3 a6 4. Bd3 b6 5. Nbd2 Bb7 6. e4 d6 7. 0-0 Nbd7 8. Qe2 Be7 9. Rd1 Nf8 10. e5 Nd5 11. Ne4 Ng6 12. Qe1 Ndf4 13. Bxf4 Nxf4 14. Bf1 h6 15. c4 0-0 16. Qe3 Ng6 17. exd6 cxd6 18. Nc3 Nh4 19. Nxh4 Bxh4 20. d5 e5 21. f4 Re8 22. fxe5 Rxe5 23. Qf3 Qd7 24. g3 Bg5 25. Re1 Rae8 26. Rxe5 Rxe5 27. Ne4 Bd8 28. Bd3 f5 29. Nc3 Bc8 30. Qf2 Qe8 31. Kf1 f4 32. Ne2 Bh3+ 33. Kg1 fxg3 34. Nxg3 Bg5 35. Qc2 Re1+ 36. Rxe1 Qxe1+ 37. Nf1 Be3+ 38. Kh1 Bxf1 39. Qb1 Bxd3+ 40. Qxe1 Be4# 0-1

[Event "Sachsen-ch U10"]
[Site "Sebnitz"]
[Date "2007.04.13"]
[Round "6"]
[White "Richter, Leonard"]
[Black "Storch, Domenic"]
[Result "1-0"]
[WhiteElo "1304"]
[BlackElo "1063"]
[PlyCount "53"]
[EventDate "2007.04.10"]
[EventType "swiss"]
[EventRounds "7"]
[EventCountry "GER"]
[SourceTitle "EXT 2008"]
[Source "ChessBase"]
[SourceDate "2007.11.25"]
[SourceVersion "1"]
[SourceVersionDate "2007.11.25"]
[SourceQuality "1"]

1. d4 d5 2. Nf3 Nf6 3. Bf4 Nc6 4. e3 Bf5 5. Bd3 Qd7 6. Bb5 Bg4 7. Nbd2 a6 8. Bd3 e6 9. h3 Bh5 10. c3 Bd6 11. Bxd6 Qxd6 12. 0-0 h6 13. Qc2 0-0 14. g4 Bg6 15. Bxg6 fxg6 16. Qxg6 e5 17. Kh2 Ne7 18. Qc2 Rf7 19. g5 Ne4 20. gxh6 gxh6 21. Rg1+ Kh8 22. Nxe4 dxe4 23. Qxe4 Raf8 24. Rg3 exd4 25. Qxd4+ Rf6 26. Ne5 Rxf2+ 27. Kg1 1-0

[Event "Sachsen-ch U10"]
[Site "Sebnitz"]
[Date "2007.04.12"]
[Round "4"]
[White "Storch, Domenic"]
[Black "Lieber, Carl"]
[Result "0-1"]
[WhiteElo "1063"]
[BlackElo "1223"]
[PlyCount "38"]
[EventDate "2007.04.10"]
[EventType "swiss"]
[EventRounds "7"]
[EventCountry "GER"]
[SourceTitle "EXT 2008"]
[Source "ChessBase"]
[SourceDate "2007.11.25"]
[SourceVersion "1"]
[SourceVersionDate "2007.11.25"]
[SourceQuality "1"]

1. d4 d5 2. c4 e6 3. Nc3 Nf6 4. Bg5 Nbd7 5. e3 c6 6. Nf3 Qa5 7. a3 Ne4 8. Qc2 g6 9. b4 Bxb4 10. axb4 Qxa1+ 11. Nb1 Nc3 12. Nfd2 Nxb1 13. Nxb1 b6 14. Be2 Qa6 15. Qc3 f6 16. cxd5 Qa2 17. Qxc6 Qxb1+ 18. Bd1 Qxb4+ 19. Kf1 Ba6+ 0-1

[Event "Sachsen-ch U08"]
[Site "Sebnitz"]
[Date "2006.04.21"]
[Round "6"]
[White "Richter, Leonard"]
[Black "Storch, Domenic"]
[Result "1/2-1/2"]
[WhiteElo "947"]
[BlackElo "808"]
[PlyCount "24"]
[EventDate "2006.04.18"]
[EventType "swiss"]
[EventRounds "7"]
[EventCountry "GER"]
[SourceTitle "EXT 2007"]
[Source "ChessBase"]
[SourceDate "2006.11.23"]
[SourceVersion "1"]
[SourceVersionDate "2006.11.23"]
[SourceQuality "1"]

1. e4 e5 2. Nf3 Nc6 3. Bc4 Nf6 4. Ng5 d5 5. exd5 Nxd5 6. d3 Bc5 7. Nf3 0-0 8. Bg5 f6 9. Bxd5+ Qxd5 10. Nc3 Bb4 11. Bd2 Bxc3 12. Bxc3 e4 1/2-1/2